All Pac-Man Games - Statistics

General Stats
  • This quiz has been taken 9 times
  • The average score is 20 of 46
Answer Stats
Hint Answer % Correct
1980 Pac-Man
100%
1994 Pac-Man 2: The New Adventures
100%
1982 Ms. Pac-Man
83%
1984 Pac-Land
67%
2013 Pac-Man and the Ghostly Adventures
67%
2003 Pac-Man Vs.
67%
1999 Pac-Man World
67%
2002 Pac-Man World 2
67%
2025 Pac-Man World 2 Re-Pac
67%
2005 Pac-Man World 3
67%
1982 Baby Pac-Man
50%
1983 Jr. Pac-Man
50%
2000 Ms. Pac-Man Maze Madness
50%
1993 Pac-Attack
50%
1995 Pac-In-Time
50%
1996 Pac-Man Arrangement
50%
2011 Pac-Man Battle Royale
50%
2007 Pac-Man Championship Edition
50%
1983 Pac-Man Plus
50%
2022 Pac-Man World Re-Pac
50%
2005 Pac 'n Roll
50%
1983 Pac & Pal
50%
1982 Super Pac-Man
50%
2016 Pac-Man 256
33%
2021 Pac-Man 99
33%
2000 Pac-Man: Adventures in Time
33%
2014 Pac-Man and the Ghostly Adventures 2
33%
2016 Pac-Man Championship Edition 2
33%
2010 Pac-Man Championship Edition DX
33%
2002 Pac-Man Fever
33%
1987 Pac-Mania
33%
2010 Pac-Man Party
33%
2011 Pac-Man Tilt
33%
2005 Pac-Pix
33%
1983 Professor Pac-Man
33%
1982 Mr. & Mrs. Pac-Man
17%
2001 Ms. Pac-Man: Quest for the Golden Maze
17%
2002 Pac-Man All-Stars
17%
2022 Pac-Man Battle Royale Chompionship
17%
2013 Pac-Man Chomp Mania
17%
2020 Pac-Man Mega Tunnel Battle
17%
2024 Pac-Man Mega Tunnel Battle: Chomp Champs
17%
2005 Pac-Man Pinball Advance
17%
1996 Pac-Man VR
17%
2006 Pac-Man World Rally
17%
2015 World's Largest Pac-Man
17%
No matching quizzes found
Score Distribution
Percent of People with Each Score
Percentile by Number Answered
Your Score History
You have not taken this quiz